| 000 | 01525cam a2200373 a 4500 | ||
|---|---|---|---|
| 001 | 9072 | ||
| 003 | FISKH | ||
| 005 | 20251118160116.0 | ||
| 008 | 081113s2009 nyu j b 000 0beng d | ||
| 010 | _a 2008941552 | ||
| 020 |
_a9780061779909 _qpbk. |
||
| 020 |
_a0061779903 _qpbk. |
||
| 020 |
_a9780061779916 _qtrade bdg. |
||
| 040 |
_aJAH _cJAH _dJP3 _dDLC |
||
| 050 | 0 | 0 |
_aE909.O24 _bB76 2009 |
| 082 | 0 | 0 |
_a973.932092 _aB _222 |
| 100 | 1 | _aBrophy, David Bergen. | |
| 245 | 1 | 0 |
_aMichelle Obama : _bmeet the first lady / _cby David Bergen Brophy. |
| 260 |
_aNew York : _bCollins, _c2009. |
||
| 300 |
_a114 pages ; _c20 cm. |
||
| 504 | _aIncludes bibliographical references (p. 103-114). | ||
| 520 | _aA brief biography of Michelle Obama, wife of Barack Obama. | ||
| 600 | 1 | 0 |
_aObama, Michelle, _d1964- _vJuvenile literature. |
| 650 | 0 |
_aPresidents' spouses _zUnited States _vBiography _vJuvenile literature. |
|
| 650 | 0 |
_aLegislators' spouses _zUnited States _vBiography _vJuvenile literature. |
|
| 650 | 0 |
_aAfrican American women lawyers _zIllinois _zChicago _vBiography _vJuvenile literature. |
|
| 651 | 0 |
_aChicago (Ill.) _vBiography _vJuvenile literature |
|
| 655 | 7 |
_aLiterature. _2lcgft _0https://id.loc.gov/authorities/genreForms/gf2014026415 |
|
| 655 | 7 |
_aBiographies. _2lcgft _0https://id.loc.gov/authorities/genreForms/gf2014026049 |
|
| 655 | 7 |
_aLiterature. _2lcgft _0https://id.loc.gov/authorities/genreForms/gf2014026415 |
|
| 906 |
_a7 _bcbc _ccopycat _d2 _encip _f20 _gy-gencatlg |
||
| 942 |
_2ddc _cBK _n0 |
||
| 999 |
_c9072 _d9072 |
||